000 00880nas a2200277Ia 4500
001 dg11-1571 [d000001610]
003 IT-MiCISF
008 161014c99999999xx |||||||||||| ||und||
040 _aIT-MiCISF
_cIT-MiCISF
041 _aITALIANO
100 _aBrondino Giuseppe
210 _aTandem
222 _aTandem
245 0 _aDiversi da chi? Perché omosessuali?
250 _a1a ed.
260 _c1993
501 _bCISF - Centro Internazionale Studi Famiglia - Via Giotto, 36 20145 MILANO (non commercial uses only)
_cCopyright 2016
300 _app. 22-32
362 _a n. 2, febbraio [1993]
500 _a Tema: omosessualità, diritti-umani, chiesa, storia, psicologia, solidarietà, psicoanalisi, comportamento
650 _asessualità
_varticolo
700 _a Bufano Giuseppe
700 _a Cappa Paola
942 _cCR
957 _71
999 _a1571
_bSi
_g1
_c219430
_d219430